| 000 | 01647cam a22003614a 4500 | ||
|---|---|---|---|
| 999 |
_c23143 _d23143 |
||
| 001 | 16418559 | ||
| 003 | OSt | ||
| 005 | 20200519115552.0 | ||
| 008 | 100812s2011 ilu b 001 0 eng c | ||
| 010 | _a 2010034634 | ||
| 020 | _a9788178243320 | ||
| 040 | _coclc | ||
| 042 | _apcc | ||
| 043 | _aa-pk--- | ||
| 050 | 0 | 0 |
_aBP190.5.S35 _bI67 2011 |
| 082 | 0 | 0 |
_a320.557095491 _bIQT/S |
| 100 |
_aIqtidar, Humeira _92427 |
||
| 245 | 1 | 0 |
_aSecularizing Islamists? : _bJama'at-e-Islami and Jama'at-ud-Da'wa in urban Pakistan / _cHumeira Iqtidar. |
| 260 |
_aRanikhet: _bPermanent Black, _c2011. |
||
| 300 | _a216 p. | ||
| 490 | 1 | _aSouth Asia across the disciplines | |
| 504 | _aIncludes bibliographical references (p. [163]-211) and index. | ||
| 505 | 0 | _aSecularism in Pakistan : A failed experiment? -- Colonial secularism and islamism in north india -- A relationship of creativity? -- Jama'at-e-Islami Pakistan -- Learning from the opposition -- Competition among allies -- JD and JI in urban Lahore -- Harbingers of change? -- Women in Islamist parties -- Conclusion: Islamists--Secularizing and liberal?. | |
| 610 | 2 | 0 | _aJamāʻat-i Islāmī-yi Pākistān. |
| 610 | 2 | 0 | _aJamat al-Dawa Pakistan. |
| 650 | 0 |
_aIslam and state _zPakistan. |
|
| 651 | 0 |
_aPakistan _xPolitics and government. |
|
| 830 | 0 | _aSouth Asia across the disciplines. | |
| 856 | 4 | 2 |
_3Book review (H-Net) _uhttp://www.h-net.org/reviews/showrev.php?id=35537 |
| 906 |
_a7 _bcbc _corignew _d1 _eecip _f20 _gy-gencatlg |
||
| 942 |
_2ddc _cBK _h320.557095491 _iIQT/S _k320.557095491 _mIQT/S |
||